000 00806nam a2200265Ia 4500
003 OSt
005 20220928120927.0
006 a|||||r|||| 00| 0
007 ta
008 220927b |||||||| |||| 00| 0 eng d
020 _c395
024 _a115201
037 _b209, 10/02/2012, Classic Book Service
_cTextual
040 _aSDCL
_cSDCL
_beng
041 _2eng
_aeng
082 _aD6,8(B2895),3, Q0
100 _aMukherjee D P
245 0 _aComputer graphics
_b Algorithms and implementations(With CD-ROM).
260 _aNew Delhi
_bPHI Learning
_c2010
300 _axii,583p
_ccm.
650 _aI I C
700 _a Jana Debasish
942 _hD6,8(B2895),3, Q0
_cTEXL
_2CC
999 _c765449
_d765449